Nejistá cesta slovenského podnikatele
Problémy slovenských podnikateľov a živnostníkov. Združenie podnikateľov Slovenska (ZPS), Strana podnikateľov a živnostníkov (SPŽ). Aktivity ZPS a SPŽ. Tvrdosť zákonov o všeobecnej zdravotnej poisťovni a o sociálnom poistení. Neúmerná finančná záťaž malých a stredných podnikateľov. Problematika regi...
Saved in:
| Main Author: | |
|---|---|
| Format: | Book Chapter |
| Language: | Czech |
| Subjects: | |
| Tags: |
No Tags, Be the first to tag this record!
|
MARC
| LEADER | 00000naa a2200000 4500 | ||
|---|---|---|---|
| 001 | r016905 | ||
| 005 | 20221208130747.0 | ||
| 041 | 0 | |a cze | |
| 044 | |a CZ | ||
| 245 | 1 | 0 | |a Nejistá cesta slovenského podnikatele |c M. Zábojníková |
| 520 | |a Problémy slovenských podnikateľov a živnostníkov. Združenie podnikateľov Slovenska (ZPS), Strana podnikateľov a živnostníkov (SPŽ). Aktivity ZPS a SPŽ. Tvrdosť zákonov o všeobecnej zdravotnej poisťovni a o sociálnom poistení. Neúmerná finančná záťaž malých a stredných podnikateľov. Problematika registračných pokladníc. Vracanie živnostenských listov. Vzťah vlády k malému a strednému podnikaniu. | ||
| 610 | 2 | 0 | |a podnikanie |
| 610 | 2 | 0 | |a podnikanie drobné |
| 610 | 2 | 0 | |a podnikatelia |
| 610 | 2 | 0 | |a živnosti |
| 610 | 2 | 0 | |a vláda |
| 610 | 2 | 0 | |a zákony |
| 610 | 2 | 0 | |a Slovensko |
| 100 | 1 | |a Zábojníková, M. | |